Southville International School and Colleges

恨海 (Record no. 253120)

000 -LEADER
fixed length control field 00593cam a22002293a 4500
001 - CONTROL NUMBER
control field 23865
003 - CONTROL NUMBER IDENTIFIER
control field PGUSA
005 - DATE AND TIME OF LATEST TRANSACTION
control field 20140828083517.0
008 - FIXED-LENGTH DATA ELEMENTS--GENERAL INFORMATION
fixed length control field 071215s2007||||xxu|||||s|||||000 | eng d
040 ## - CATALOGING SOURCE
Original cataloging agency PGUSA
Language of cataloging eng
042 ## - AUTHENTICATION CODE
Authentication code dc
050 #4 - LIBRARY OF CONGRESS CALL NUMBER
Classification number PL
100 1# - MAIN ENTRY--PERSONAL NAME
Personal name Wu, Jianren,
Dates associated with a name 1866-1910
245 10 - TITLE STATEMENT
Title 恨海
Medium [electronic resource] /
Statement of responsibility, etc Jianren Wu
260 ## - PUBLICATION, DISTRIBUTION, ETC. (IMPRINT)
Name of publisher, distributor, etc Project Gutenberg,
Date of publication, distribution, etc 2007
506 ## - RESTRICTIONS ON ACCESS NOTE
Terms governing access Public domain in the USA.
516 ## - TYPE OF COMPUTER FILE OR DATA NOTE
Type of computer file or data note Electronic text
740 0# - ADDED ENTRY--UNCONTROLLED RELATED/ANALYTICAL TITLE
Uncontrolled related/analytical title Hen Hai
830 #0 - SERIES ADDED ENTRY--UNIFORM TITLE
Uniform title Project Gutenberg
Volume number/sequential designation 23865
856 40 - ELECTRONIC LOCATION AND ACCESS
Uniform Resource Identifier http://www.gutenberg.org/ebooks/23865
942 ## - ADDED ENTRY ELEMENTS (KOHA)
Koha item type eBooks
Holdings
Permanent Location Koha item type Price effective from Damaged status Current Location Withdrawn status Lost status Date acquired Date last seen
Project GutenbergeBooks2014-08-28 Project Gutenberg  2014-08-282014-08-28
Powered by Koha